Evaluación del proceso de café pergamino en secador solar tipo domo, ubicado en fincas con altitudes de 1000 a 1500 m.s.m.n de pequeños productores de café en los departamentos de Madriz, Estelí y Nueva Segovia
Evalúa el procesado de café pergamino en secador solar tipo domo, ubicado en fincas con altitudes de 1000 a 1500 m.s.m.n de pequeños productores de café en los departamentos de Madriz, Estelí y Nueva Segovia, además caracteriza los beneficios húmedos tradicional, compara el tiempo procesado d...
| Main Authors: | , |
|---|---|
| Other Authors: | |
| Format: | Tesis Section = Libro |
| Language: | Undetermined Spanish |
| Published: |
Managua
UNI
2011
|
| Subjects: |
| LEADER | 01416nam a2200277Ia 4500 | ||
|---|---|---|---|
| 008 | 240830s9999 xx 000 0 und d | ||
| 040 | |a BIBLIOTECA-RUSB/ Mon 660.28426 M843 | ||
| 041 | |a spa | ||
| 082 | |a Mon 660.28426 M843 | ||
| 100 | 1 | |a Moreno Peralta, Karelia Dolores | |
| 100 | 1 | |b Hudiel Agurcia, Tatiana Libertad | |
| 245 | 1 | 0 | |a Evaluación del proceso de café pergamino en secador solar tipo domo, ubicado en fincas con altitudes de 1000 a 1500 m.s.m.n de pequeños productores de café en los departamentos de Madriz, Estelí y Nueva Segovia |
| 260 | |a Managua |b UNI |c 2011 | ||
| 300 | |a 128 p. :il. | ||
| 500 | |a Contiene: anexos e Incluye: CD. | ||
| 502 | |a Tesis (Ingeniero Agroindustrial) - UNI, 2011. | ||
| 520 | 3 | |a Evalúa el procesado de café pergamino en secador solar tipo domo, ubicado en fincas con altitudes de 1000 a 1500 m.s.m.n de pequeños productores de café en los departamentos de Madriz, Estelí y Nueva Segovia, además caracteriza los beneficios húmedos tradicional, compara el tiempo procesado del café y la diferencia de los parámetros ambientales. | |
| 650 | 7 | |a SECADO DEL CAFÉ | |
| 650 | 7 | |b PROCESAMIENTO DEL CAFE | |
| 650 | 7 | |c TECNOLOGIA DE ENERGÍA RENOVABLE | |
| 650 | 7 | |d PROCESADO DE CAFÉ - EVALUACIÓN | |
| 650 | 7 | |e SECADORES SOLARES DOMO | |
| 700 | 1 | |a Tutor: |b Dicovskiy Riobóo, Luis María | |
| 942 | |c BK |2 ddc | ||
| 991 | |a TESIS | ||
| 999 | |c 20653 | ||